000 00772nam a2200241Ia 4500
003 GCL
008 140319s9999 xx 000 0 ara d
040 _aGCL /
_cGCL
082 0 4 _aق
_b923.2
_bا ش
100 1 _aاحمد عبدالرحيم مصطفى
245 1 0 _aشخصيات مصرية /
_cاحمد عبدالرحيم مصطفى
260 _a[S.N] :
_bدار الهلال للطباعة والنشر
300 _a236 ص
490 _a
650 0 4 _aمصر
650 0 4 _aالاحوال السياسية
650 0 4 _aالاحزاب السياسية
650 0 4 _aالصحافة المصرية
650 0 4 _aالنظم السياسية
650 0 4 _aالاحتلال البريطانى
650 0 4 _aالممارسة السياسية
942 _2ddc
_cBK
999 _c31113
_d31113